Quantum computing explained (Record no. 5351)
[ view plain ]
| 000 -LEADER | |
|---|---|
| fixed length control field | 01004 a2200181 4500 |
| 020 ## - INTERNATIONAL STANDARD BOOK NUMBER | |
| International Standard Book Number | 978-0-470-09699-4 (cloth) |
| 020 ## - INTERNATIONAL STANDARD BOOK NUMBER | |
| International Standard Book Number | 0-470-09699-3 (cloth) |
| 035 ## - SYSTEM CONTROL NUMBER | |
| System control number | (OCoLC)122424963 |
| 040 ## - CATALOGING SOURCE | |
| Original cataloging agency | DLC |
| Language of cataloging | DLC |
| 082 00 - DEWEY DECIMAL CLASSIFICATION NUMBER | |
| Classification number | 004.1 |
| 100 1# - MAIN ENTRY--PERSONAL NAME | |
| Personal name | McMahon, David |
| 245 10 - TITLE STATEMENT | |
| Title | Quantum computing explained |
| Statement of responsibility, etc. | David McMahon |
| 260 ## - PUBLICATION, DISTRIBUTION, ETC. | |
| Place of publication, distribution, etc. | Hoboken, N.J. : |
| Name of publisher, distributor, etc. | Wiley-Interscience : |
| -- | IEEE Computer Society, |
| Date of publication, distribution, etc. | cop. 2008 |
| 300 ## - PHYSICAL DESCRIPTION | |
| Extent | xviii, 332 p. : |
| Other physical details | ill. ; |
| Dimensions | 25 cm. |
| 505 0# - FORMATTED CONTENTS NOTE | |
| Formatted contents note | A brief introduction to information theory -- Qubits and quantum states -- Matrices and operators -- Tensor products -- The density operator -- Quantum measurement theory -- Entanglement -- Quantum gates and circuits -- Quantum algorithms -- Applications of entanglement: teleportation and superdense coding -- Quantum cryptography -- Quantum noise and error correction -- Tools of quantum information theory -- Adiabatic quantum computation -- Cluster state quantum computing. |
| 650 #0 - SUBJECT ADDED ENTRY--TOPICAL TERM | |
| Topical term or geographic name entry element | Quantum computers. |
| 942 ## - ADDED ENTRY ELEMENTS (KOHA) | |
| Koha item type | Book |
| Call number prefix | 004.1 MCM |
| Source of classification or shelving scheme | |
| Withdrawn status | Lost status | Damaged status | Not for loan | Collection code | Permanent Location | Current Location | Shelving location | Date acquired | Source of acquisition | Cost, normal purchase price | Total Checkouts | Total Renewals | Full call number | Barcode | Checked out | Date last seen | Date last checked out | Price effective from | Koha item type |
|---|---|---|---|---|---|---|---|---|---|---|---|---|---|---|---|---|---|---|---|
| Central Library (CL) | Central Library (CL) | First Floor - Computer Science | 06/26/2008 | Allied Book Company | 5370.72 | 6 | 7 | 004.1 MCM | SEECS009160 | 04/11/2026 | 10/21/2025 | 04/26/2025 | 01/05/2017 | Book |
